000 00727nam a22002417a 4500
008 130908b xxu||||| |||| 00| 0 eng d
020 _a0-19-280047-7
024 _cAvailable
037 _cAvailable
040 _aMBSTU LIBRARY
_dMBSTU LIBRARY
082 _222
_a301.03 MAD
100 _aMarshall, Gordon.
245 _aDictionary of sociology.
260 _aNew York
_bOxford University Press.
_c2002
300 _a22 cm.
_b712 page
_f9
_g22 cm.
600 _2Dictionary of sociology.
650 _2Dictionary of sociology.
700 _aMarshall, Gordon.
270 _aNew York
_bNew York
_dUSA
365 _b300.00
_d300.000
942 _2ddc
_cBK
999 _c655
_d655